LEADER 01161nam a2200241 i 4500 001 000000134564 003 CaOOAMICUS 005 20050207000000.0 008 050207s1992 it u000 u ita u 013 $a107735 040 $aSeMil$bita 100 1 $aOssicini, Adriano <1920- >.$0(OLS)http://semarc/name/19748 245 13$aIl "Colloquio" con Don Giuseppe De Luca :$bdalla Resistenza al Concilio Vaticano 2 /$cAdriano Ossicini. 260 $aRoma :$bEdizioni di Storia e Letteratura,$c1992. 300 $a228 p. ;$c26 cm. 500 $aContiene : Appendice. - Dono di mons. Antonio Rimoldi. 600 14$aDe Luca, Giuseppe .$0(OLS)http://semarc/subject/6677 650 4$aCattolicesimo e politica - Italia - 1945-1960.$0(OLS)http://semarc/subject/26496 850 $aSeMil 852 $aSeMil$W1$xVenegono$y1$m1B VI 7$j88294$B88294$CSeMilBibl$Z2$F93252 $81 961 $aOmaggio: Rimoldi mons. Antonio 996 $6245$aIl "Colloquio" con Don Giuseppe De Luca :$bdalla Resistenza al Concilio Vaticano 2$9(OLS)http://semarc/title/196898 996 $6260$aRoma :$bEdizioni di Storia e Letteratura$9(OLS)http://semarc/publisher/29779 LEADER 01040nam a2200241 i 4500 001 000000058473 003 CaOOAMICUS 005 20110329000000.0 008 110329s1950 it u000 u ita u 013 $a29645 040 $aSeMil$bita 100 1 $aCarrel, Alexis,$d<1873-1944>.$0(OLS)http://semarc/name/23459 240 10$aMédecine officielle et Médecines Hérétiques.$0(OLS)http://semarc/title/91160 245 10$aMedicina ufficiale e medicine eretiche /$cDi Alexis Carrel ... [et al.]. 260 $aMilano :$bValentino Bompiani,$cstampa 1950. 300 $a425 p. ;$c21 cm. 490 0 $aAvventure del pensiero ;$v73. 650 4$aMedicina.$0(OLS)http://semarc/subject/3896 830 0$aAvventure del pensiero ;$v73.$0(OLS)http://semarc/title/7390 850 $aSeMil 852 $aSeMil$W1$xVenegono$y1$m3XK III 21$j24626$B24626$CSeMilBibl$Z2$F24629 $81 996 $6245$aMedicina ufficiale e medicine eretiche$9(OLS)http://semarc/title/91159 996 $6260$aMilano :$bValentino Bompiani$9(OLS)http://semarc/publisher/32383 LEADER 01751nam a2200337 i 4500 001 000000111225 003 CaOOAMICUS 005 20030110000000.0 008 030110s1989 it u000 u ita u 013 $a83907 020 $a88-373-1382-4 040 $aSeMil$bita 245 13$aLe forme del silenzio e della parola :$batti del convegno «Il silenzio e la parola» tenuto a Trento il 15-17 ottobre 1987 /$ca cura di Massimo Baldini e Silvano Zucal. 260 $aBrescia :$bMorcelliana,$c1989. 300 $a610 p. ;$c23 cm. 490 0 $aReligione e cultura ;$v1 500 $aIn testa al front. : Istituto di Scienze religiose in Trento. - Fondo Card. C.M. Martini. 650 4$aMistica - Atti di congressi.$0(OLS)http://semarc/subject/19876 650 4$aSilenzio - Aspetti religiosi - Atti di congressi.$0(OLS)http://semarc/subject/19877 650 4$aLinguaggio religioso - Congressi.$0(OLS)http://semarc/subject/18334 700 1 $aConvegno «Il silenzio e la parola» <1987 ; Trento>.$0(OLS)http://semarc/name/46624 700 1 $aZucal, Silvano,$d<1956- >.$0(OLS)http://semarc/name/3830 700 1 $aBaldini, Massimo,$d<1947-2008>.$0(OLS)http://semarc/name/89118 830 0$aReligione e cultura ;$v1.$0(OLS)http://semarc/title/10287 850 $aSeMil 852 $aSeMil$W1$xVenegono$y1$m2P III 25$j67060$B67060$CSeMilBibl$Z2$F79243 $81 941 1 $a4 961 $aOmaggio: Martini Card. Carlo Maria 996 $6020$a88-373-1382-4$9(OLS)http://semarc/number/93303 996 $6245$aLe forme del silenzio e della parola :$batti del convegno «Il silenzio e la parola» tenuto a Trento il 15-17 ottobre 1987$9(OLS)http://semarc/title/161832 996 $6260$aBrescia :$bMorcelliana$9(OLS)http://semarc/publisher/29629